[Event "Titled Tue 3rd Jun Early"]
[Site "chess.com INT"]
[Date "2025.06.03"]
[Round "2"]
[White "Fedorov, Artem Alek"]
[Black "Sahetchian, Armand"]
[Result "1-0"]
[WhiteTitle "CM"]
[BlackTitle "CM"]
[WhiteElo "2198"]
[BlackElo "2024"]
[WhiteFideId "34418431"]
[BlackFideId "607150"]
[EventDate "2025.06.03"]

1. e4 e6 2. d4 d5 3. Nc3 Bb4 4. e5 b6 5. a3 Bxc3+ 6. bxc3 Ne7 7. Qg4 Kf8 8. Nf3
c5 9. Bb5 Ba6 10. a4 Nf5 11. Ba3 Bxb5 12. axb5 Nd7 13. Qf4 a6 14. g4 Nh4 15.
Nxh4 Qxh4 16. O-O h5 17. f3 g5 18. Qg3 Qxg3+ 19. hxg3 hxg4 20. fxg4 Ke7 21. Bc1
axb5 22. Bxg5+ f6 23. Bxf6+ Nxf6 24. exf6+ Kf7 25. Rab1 Rh3 26. Kg2 Rah8 27. g5
Rh2+ 28. Kf3 Rxc2 29. Rxb5 Rxc3+ 30. Kg4 Rc4 31. Rxb6 Rxd4+ 32. Kf3 Rd3+ 33. Ke2
Rxg3 34. Rb7+ Kg6 35. Rg7+ Kh5 36. Rh1+ 1-0

[Event "Titled Tue 3rd Jun Early"]
[Site "chess.com INT"]
[Date "2025.06.03"]
[Round "2"]
[White "Kezin, Roman"]
[Black "Arslanov, Shamil"]
[Result "1-0"]
[WhiteTitle "IM"]
[BlackTitle "IM"]
[WhiteElo "2471"]
[BlackElo "2410"]
[WhiteFideId "24124621"]
[BlackFideId "4192826"]
[EventDate "2025.06.03"]

1. d4 d6 2. Nf3 Bg4 3. g3 e5 4. Bg2 Nc6 5. d5 Nce7 6. c4 Qd7 7. h3 Bxf3 8. exf3
g6 9. Nc3 Bg7 10. h4 Nf6 11. Bh3 Nf5 12. g4 Nxh4 13. g5 Nf5 14. gxf6 Bxf6 15.
Ne4 Be7 16. Ng3 O-O-O 17. Nxf5 gxf5 18. Qd3 Kb8 19. Bxf5 Qa4 20. b3 Qa6 21. a4
Bf6 22. Be4 Bg7 23. Ra2 h5 24. a5 h4 25. b4 b6 26. b5 Qb7 27. a6 Qc8 28. Bf5 Rd7
29. Qe4 Qd8 30. Qg4 Bh6 31. Bxh6 Rxh6 32. Bxd7 1-0

[Event "Titled Tue 3rd Jun Early"]
[Site "chess.com INT"]
[Date "2025.06.03"]
[Round "2"]
[White "Toroptseva, Yevheniia"]
[Black "Nugumanov, Bakhtiyar"]
[Result "0-1"]
[WhiteTitle "WFM"]
[BlackTitle "IM"]
[WhiteElo "2064"]
[BlackElo "2305"]
[WhiteFideId "34109374"]
[BlackFideId "13701797"]
[EventDate "2025.06.03"]

1. Nc3 d5 2. e4 e6 3. g3 Nf6 4. exd5 exd5 5. Bg2 c6 6. d3 Bd6 7. Nf3 O-O 8. O-O
Re8 9. h3 Nbd7 10. Kh2 Nf8 11. Bg5 h6 12. Bxf6 Qxf6 13. Qd2 Bf5 14. Rae1 Ng6 15.
Rxe8+ Rxe8 16. Re1 Rxe1 17. Qxe1 Ne5 18. Ng1 h5 19. Qe3 d4 20. Qe2 dxc3 21. bxc3
h4 22. d4 Ng6 23. Qe8+ Kh7 24. Qe2 hxg3+ 25. fxg3 Qg5 26. Qf3 Be4 27. Qf2 Bxc2
28. Nf3 Qf5 0-1

[Event "Titled Tue 3rd Jun Early"]
[Site "chess.com INT"]
[Date "2025.06.03"]
[Round "2"]
[White "Martel Bruniaux, Malko"]
[Black "Piddubna, Bozhena"]
[Result "0-1"]
[WhiteTitle "CM"]
[BlackTitle "WFM"]
[WhiteElo "2161"]
[BlackElo "2174"]
[WhiteFideId "24560871"]
[BlackFideId "34109293"]
[EventDate "2025.06.03"]

1. Nf3 Nf6 2. d4 e6 3. Bf4 d5 4. e3 Bd6 5. Nbd2 O-O 6. Bd3 c5 7. c3 Qc7 8. Ne5
Nbd7 9. Ndf3 Ne4 10. O-O f6 11. Nxd7 Bxd7 12. Bxe4 dxe4 13. Bxd6 Qxd6 14. dxc5
Qxc5 15. Qxd7 exf3 16. Qxe6+ Kh8 17. gxf3 Rae8 18. Qg4 Re5 19. f4 Rd5 20. Rad1
Rfd8 21. Rxd5 Qxd5 22. Qg2 Qb5 23. b3 Rd2 24. Qe4 a6 25. c4 Qd7 26. f5 Rxa2 27.
Kg2 h6 28. Qe6 Qd8 29. Rg1 Ra5 30. Kh3 Re5 31. Qf7 Qg8 32. Qxb7 Rxf5 33. Qg2
Rh5+ 0-1

[Event "Titled Tue 3rd Jun Early"]
[Site "chess.com INT"]
[Date "2025.06.03"]
[Round "2"]
[White "Bolashakov, Nurali"]
[Black "Aravindhan, Achyuth"]
[Result "1-0"]
[WhiteTitle "CM"]
[BlackTitle "CM"]
[WhiteElo "2184"]
[BlackElo "2098"]
[WhiteFideId "13792105"]
[BlackFideId "1084216"]
[EventDate "2025.06.03"]

1. e4 c5 2. Nf3 d6 3. d4 cxd4 4. Nxd4 Nf6 5. Nc3 g6 6. Be3 Bg7 7. Bc4 O-O 8. f3
Nc6 9. Bb3 Nxd4 10. Bxd4 Be6 11. Bxe6 fxe6 12. Qd2 Qa5 13. O-O-O Rfc8 14. Kb1 b5
15. h4 b4 16. Ne2 Rc4 17. g4 Rac8 18. Rc1 R8c6 19. b3 Rc3 20. a4 Rxf3 21. h5
Nxe4 22. Qd1 Bxd4 23. Qxd4 Qd5 24. hxg6 Rxb3+ 25. cxb3 Nd2+ 26. Qxd2 Qxd2 27.
gxh7+ Kh8 28. Rxc6 Qd3+ 29. Ka1 Qxe2 30. Rc8+ Kg7 31. h8=Q+ Kg6 32. Rg8+ Kf7 33.
Qg7# 1-0

[Event "Titled Tue 3rd Jun Early"]
[Site "chess.com INT"]
[Date "2025.06.03"]
[Round "2"]
[White "Mayaud, Raphael"]
[Black "Golsefidy, Sepehr"]
[Result "1-0"]
[WhiteTitle "CM"]
[WhiteElo "2126"]
[BlackElo "2080"]
[WhiteFideId "627151"]
[BlackFideId "30973368"]
[EventDate "2025.06.03"]

1. d4 Nf6 2. Bg5 d5 3. Bxf6 exf6 4. e3 c6 5. g3 Bd6 6. Bg2 O-O 7. Ne2 Bf5 8. O-O
Qd7 9. Nd2 Bg6 10. c4 Na6 11. cxd5 cxd5 12. Nc3 Nc7 13. Rc1 h5 14. Nf3 Bh7 15.
Qb3 Bd3 16. Rfd1 Bc4 17. Qc2 Ne6 18. Nd2 Ba6 19. Nxd5 Rac8 20. Qb3 h4 21. Nf3 h3
22. Bf1 Bxf1 23. Kxf1 Rxc1 24. Rxc1 Rc8 25. Rxc8+ Qxc8 26. Qc3 Qd7 27. e4 Qb5+
28. Ke1 Nc7 29. Nxc7 Bb4 30. Nxb5 1-0

[Event "Titled Tue 3rd Jun Early"]
[Site "chess.com INT"]
[Date "2025.06.03"]
[Round "2"]
[White "Dogan, Umut Anil"]
[Black "Alonso Rosell, Alvar"]
[Result "0-1"]
[WhiteTitle "CM"]
[BlackTitle "GM"]
[WhiteElo "2123"]
[BlackElo "2550"]
[WhiteFideId "51618060"]
[BlackFideId "2270544"]
[EventDate "2025.06.03"]

1. Nf3 Nf6 2. e3 c5 3. d4 g6 4. Be2 Bg7 5. O-O O-O 6. b3 cxd4 7. exd4 b6 8. Bb2
Bb7 9. Nbd2 Nc6 10. a3 Rc8 11. Re1 Re8 12. c4 d5 13. c5 Ne4 14. Qc2 bxc5 15.
dxc5 Bxb2 16. Qxb2 Nxc5 17. b4 Ne6 18. Nb3 Qb6 19. Rad1 Rcd8 20. Ne5 Nxe5 21.
Qxe5 d4 22. Bc4 Qc6 23. Bf1 Rd5 24. Qe2 Rg5 25. f3 Nf4 26. Qd2 Qxf3 27. Nxd4
Nh3+ 28. Kh1 Nf2+ 29. Kg1 Rxg2+ 30. Bxg2 Qxg2# 0-1

[Event "Titled Tue 3rd Jun Early"]
[Site "chess.com INT"]
[Date "2025.06.03"]
[Round "2"]
[White "Claverie, Christophe"]
[Black "Goryachkina, Aleksandra"]
[Result "0-1"]
[WhiteTitle "IM"]
[BlackTitle "GM"]
[WhiteElo "2290"]
[BlackElo "2544"]
[WhiteFideId "605514"]
[BlackFideId "4147103"]
[EventDate "2025.06.03"]

1. d4 d5 2. Nf3 Nf6 3. Bf4 Bf5 4. e3 e6 5. Bd3 Bd6 6. Bxf5 exf5 7. Bxd6 Qxd6 8.
O-O O-O 9. Qd3 g6 10. c4 c6 11. Nc3 Nbd7 12. a3 Rfe8 13. Rab1 dxc4 14. Qxc4 Nb6
15. Qb3 Ne4 16. Nxe4 fxe4 17. Ne5 Qd5 18. Qxd5 cxd5 19. Ng4 Kg7 20. h3 Rac8 21.
Rfc1 h5 22. Nh2 Na4 23. Kf1 Rxc1+ 24. Rxc1 Nxb2 25. Rb1 Nd3 26. Rxb7 Rc8 27.
Rxa7 Rc1+ 28. Ke2 Rc2+ 29. Kf1 Rc1+ 30. Ke2 Rg1 31. Nf1 Rxg2 32. Nd2 Rxf2+ 33.
Kd1 g5 34. Rd7 g4 35. Rxd5 f5 36. hxg4 hxg4 37. Nxe4 fxe4 38. Rg5+ Kf6 39. Rxg4
Kf5 40. Rg8 Ra2 41. Ra8 Kg4 42. Rf8 Rxa3 43. Ke2 Ra2+ 44. Kd1 Kg3 45. Rg8+ Kf3 0-1

[Event "Titled Tue 3rd Jun Early"]
[Site "chess.com INT"]
[Date "2025.06.03"]
[Round "2"]
[White "Donchenko, Alexander"]
[Black "Kalyani Sirin"]
[Result "1-0"]
[WhiteTitle "GM"]
[BlackTitle "WFM"]
[WhiteElo "2615"]
[BlackElo "2136"]
[WhiteFideId "24603295"]
[BlackFideId "33323500"]
[EventDate "2025.06.03"]

1. d4 Nf6 2. c4 g6 3. Nc3 d5 4. Nf3 Bg7 5. cxd5 Nxd5 6. e4 Nxc3 7. bxc3 c5 8.
Be3 O-O 9. Be2 Nc6 10. O-O cxd4 11. cxd4 Bg4 12. d5 Na5 13. Rb1 b6 14. Nd4 Bxe2
15. Qxe2 Rc8 16. h4 Qd7 17. Rfc1 Qa4 18. Rxc8 Rxc8 19. Qa6 Rf8 20. Nc6 Qxe4 21.
Rc1 Bb2 22. Rd1 Nxc6 23. dxc6 Qxc6 24. Qxa7 Bf6 25. Bh6 Ra8 26. Qa3 1-0

[Event "Titled Tue 3rd Jun Early"]
[Site "chess.com INT"]
[Date "2025.06.03"]
[Round "2"]
[White "Zhigalko, Sergei"]
[Black "Shamatava, Nikolozi"]
[Result "1-0"]
[WhiteTitle "GM"]
[BlackTitle "FM"]
[WhiteElo "2572"]
[BlackElo "2272"]
[WhiteFideId "13502956"]
[BlackFideId "13619950"]
[EventDate "2025.06.03"]

1. e4 c5 2. Nf3 d6 3. d4 cxd4 4. Qxd4 Nc6 5. Bb5 Nf6 6. Nc3 Bd7 7. Bxc6 Bxc6 8.
Bg5 e5 9. Qd3 Be7 10. O-O-O O-O 11. Bxf6 Bxf6 12. Qxd6 Qb6 13. Nd5 Bxd5 14. Qxb6
axb6 15. Rxd5 Rxa2 16. Rhd1 Ra1+ 17. Kd2 Ra2 18. Rb5 Ra6 19. c3 g5 20. Kc2 g4
21. Nxe5 Bxe5 22. Rxe5 f6 23. Re7 Rf7 24. Rxf7 Kxf7 25. Rd7+ Kg6 26. Rxb7 Ra4
27. Kd3 Ra6 28. f4 h5 29. g3 Ra1 30. Rxb6 Rh1 31. e5 Rxh2 32. Rxf6+ Kg7 33. Rf5
Rh3 34. Ke4 Rxg3 35. Rxh5 Rg2 36. f5 Rxb2 37. Rg5+ Kf7 38. Rxg4 Re2+ 39. Kd5
Rd2+ 40. Rd4 Rf2 41. f6 Re2 42. c4 Ra2 43. c5 Ra8 44. Ke4 Rh8 45. Rd7+ Ke8 46.
c6 Rh4+ 47. Kd5 Rf4 48. f7+ Kf8 49. c7 Kg7 50. f8=Q+ Kg6 51. Qxf4 Kh5 52. c8=Q 1-0

[Event "Titled Tue 3rd Jun Early"]
[Site "chess.com INT"]
[Date "2025.06.03"]
[Round "2"]
[White "Fragkos, Vasileios"]
[Black "Geivondian, Arman"]
[Result "1-0"]
[WhiteTitle "CM"]
[BlackTitle "FM"]
[WhiteElo "2176"]
[BlackElo "2297"]
[WhiteFideId "25832646"]
[BlackFideId "24102032"]
[EventDate "2025.06.03"]

1. f4 d5 2. Nf3 c5 3. e3 Nc6 4. Bb5 Bd7 5. b3 e6 6. Bb2 Nf6 7. Bxc6 Bxc6 8. Ne5
Be7 9. O-O Qc7 10. d3 O-O 11. Nd2 Rad8 12. Rf3 d4 13. Nxc6 Qxc6 14. e4 Ng4 15.
Nf1 f5 16. e5 b5 17. a4 b4 18. h3 Nh6 19. Nd2 Kh8 20. Nc4 g5 21. fxg5 Bxg5 22.
Bc1 Nf7 23. Bxg5 Nxg5 24. Rg3 Nf7 25. Qh5 Qc7 26. Re1 Rg8 27. Rxg8+ Rxg8 28. Qh4
Qd8 29. Qxd8 Nxd8 30. Kf2 h5 31. g3 Kg7 32. Kf3 Kf8 33. Nd6 Rg7 34. Re2 Nc6 35.
Kf4 Ke7 36. Nb7 Kf7 37. Nxc5 Ne7 38. Kf3 Nd5 39. Nb7 Kf8 40. Nd6 a6 41. Nc4 Ke7
42. Rg2 Kd7 43. a5 Kc6 44. Re2 Nc3 45. Re1 Nd5 46. Rg1 f4 47. g4 hxg4+ 48. Rxg4
Rh7 49. h4 Kc5 50. Nd6 Rh5 51. Ne4+ Kb5 52. Nf6 Nxf6 53. exf6 e5 54. Rg5 Rxh4
55. Rxe5+ Kc6 56. f7 1-0

[Event "Titled Tue 3rd Jun Early"]
[Site "chess.com INT"]
[Date "2025.06.03"]
[Round "2"]
[White "Goncharov, Vladimir"]
[Black "Lopez Abreu, Michel Samuel"]
[Result "1-0"]
[BlackTitle "FM"]
[WhiteElo "2077"]
[BlackElo "2038"]
[WhiteFideId "34162256"]
[BlackFideId "3927903"]
[EventDate "2025.06.03"]

1. d4 d5 2. c4 e6 3. Nf3 Nf6 4. g3 c6 5. Bg2 Be7 6. O-O O-O 7. Qc2 Nbd7 8. Nbd2
b6 9. e4 dxe4 10. Nxe4 Bb7 11. Rd1 Nxe4 12. Qxe4 Nf6 13. Qe2 h6 14. Ne5 Qc7 15.
Bf4 Qc8 16. Bh3 c5 17. d5 g5 18. dxe6 Kg7 19. Bd2 fxe6 20. Bc3 Qe8 21. Bxe6 Bd8
22. Bd7 1-0

[Event "Titled Tue 3rd Jun Early"]
[Site "chess.com INT"]
[Date "2025.06.03"]
[Round "2"]
[White "Turcsanyi, Vince Gergo"]
[Black "Ramu, K."]
[Result "0-1"]
[WhiteTitle "FM"]
[BlackTitle "FM"]
[WhiteElo "2321"]
[BlackElo "2151"]
[WhiteFideId "791784"]
[BlackFideId "5006171"]
[EventDate "2025.06.03"]

1. b3 e5 2. Bb2 d6 3. e3 Be6 4. Nf3 Nd7 5. c4 g6 6. d4 Bg7 7. d5 Bg4 8. h3 Bxf3
9. gxf3 Ngf6 10. Nd2 O-O 11. h4 Nh5 12. Ne4 h6 13. Ng3 Ndf6 14. Bd3 Re8 15. Qc2
Nxg3 16. fxg3 e4 17. fxe4 Ng4 18. Bxg7 Kxg7 19. Qe2 h5 20. O-O-O Qf6 21. Kc2 Qf2
22. Kd2 Qxg3 23. Rdf1 Qe5 24. Kc2 a5 25. a4 c6 26. Rf4 cxd5 27. cxd5 Rec8+ 28.
Kb1 Qc3 29. Bc4 b5 30. axb5 a4 31. Rhf1 f6 32. Rxg4 hxg4 33. Qxg4 axb3 34. Qd7+
Kh6 0-1

[Event "Titled Tue 3rd Jun Early"]
[Site "chess.com INT"]
[Date "2025.06.03"]
[Round "2"]
[White "Di Benedetto, Guillermo"]
[Black "Berezin, Viktor RUS"]
[Result "1-0"]
[WhiteTitle "FM"]
[BlackTitle "FM"]
[WhiteElo "2289"]
[BlackElo "1921"]
[WhiteFideId "111120"]
[BlackFideId "4128869"]
[EventDate "2025.06.03"]

1. d4 Nf6 2. c4 g6 3. Nc3 d5 4. Bf4 c6 5. e3 Bg7 6. Rc1 Qa5 7. Nf3 O-O 8. Be2
Be6 9. O-O dxc4 10. Ng5 Bc8 11. Bxc4 Nbd7 12. Qb3 e6 13. Bxe6 fxe6 14. Nxe6 Kh8
15. Nxf8 Nxf8 16. h3 b5 17. e4 b4 18. e5 Be6 19. Qa4 Qxa4 20. Nxa4 Nd5 21. Bd2
Rc8 22. Nc5 Kg8 23. Rfe1 Kf7 24. Ne4 h6 25. Nd6+ Ke7 26. Nxc8+ Bxc8 27. Rxc6 Ne6
28. Rxc8 1-0

[Event "Titled Tue 3rd Jun Early"]
[Site "chess.com INT"]
[Date "2025.06.03"]
[Round "2"]
[White "Unver, Cumayi"]
[Black "Musial, Igor"]
[Result "0-1"]
[BlackTitle "FM"]
[WhiteElo "2012"]
[BlackElo "2304"]
[WhiteFideId "6304940"]
[BlackFideId "21858110"]
[EventDate "2025.06.03"]

1. d4 c5 2. d5 g6 3. Nc3 Bg7 4. e4 d6 5. f4 Nf6 6. Bb5+ Bd7 7. Bxd7+ Nbxd7 8.
Nf3 O-O 9. O-O Rb8 10. a4 a6 11. Qe2 Qc7 12. e5 dxe5 13. fxe5 Ng4 14. e6 Nde5
15. Nxe5 Nxe5 16. Bf4 fxe6 17. dxe6 Rf5 18. g4 Rff8 19. Rae1 Rxf4 20. Rxf4 Nd3
21. Rf7 Nxe1 22. Nd5 Qe5 23. Nxe7+ Kh8 24. Qf1 Qxe6 0-1

[Event "Titled Tue 3rd Jun Early"]
[Site "chess.com INT"]
[Date "2025.06.03"]
[Round "2"]
[White "Bok, Benjamin"]
[Black "Zieba, Hubert"]
[Result "1-0"]
[WhiteTitle "GM"]
[BlackTitle "CM"]
[WhiteElo "2591"]
[BlackElo "2233"]
[WhiteFideId "1017063"]
[BlackFideId "21844704"]
[EventDate "2025.06.03"]

1. d4 d5 2. c4 dxc4 3. Nf3 Nf6 4. e3 e6 5. Bxc4 Be7 6. O-O O-O 7. Qe2 c5 8. Rd1
cxd4 9. exd4 a6 10. Nc3 b5 11. Bb3 Bb7 12. Ne5 Nbd7 13. Bg5 Nb6 14. Rac1 Nfd5
15. Bxe7 Qxe7 16. Ne4 Rac8 17. Nc5 Rc7 18. Qd2 Rfc8 19. h3 Qd6 20. a3 h6 21. Rc2
f6 22. Ned3 Ne7 23. Bxe6+ Qxe6 24. Nxe6 Rxc2 25. Qf4 Bd5 26. Qg4 g6 27. Nef4 Bf7
28. Re1 Nbd5 29. Nb4 Nxb4 30. Rxe7 Nc6 31. Rxf7 Kxf7 1-0

[Event "Titled Tue 3rd Jun Early"]
[Site "chess.com INT"]
[Date "2025.06.03"]
[Round "2"]
[White "Brenke, Andreas"]
[Black "Makaraci, Tunahan"]
[Result "1-0"]
[WhiteTitle "FM"]
[BlackTitle "FM"]
[WhiteElo "2349"]
[BlackElo "2233"]
[WhiteFideId "4602900"]
[BlackFideId "6356559"]
[EventDate "2025.06.03"]

1. d4 d5 2. c4 e6 3. Nc3 c5 4. cxd5 cxd4 5. Qa4+ Bd7 6. Qxd4 exd5 7. Qxd5 Nf6 8.
Qd1 Nc6 9. Nf3 Bc5 10. e3 Qe7 11. Be2 O-O-O 12. O-O Kb8 13. a3 g5 14. Qc2 g4 15.
Nh4 Qe5 16. b4 Bd6 17. g3 Qh5 18. Bb2 Ne5 19. Nb5 Bxb5 20. Bxb5 Nf3+ 21. Nxf3
gxf3 22. Rfd1 Ng4 23. h4 Bxg3 24. fxg3 Qxb5 25. Bxh8 Rxh8 26. Qd3 Rc8 27. Qxb5 1-0

[Event "Titled Tue 3rd Jun Early"]
[Site "chess.com INT"]
[Date "2025.06.03"]
[Round "2"]
[White "Rodriguez Avila, Alvaro"]
[Black "Skiadopoulos, Nikolaos"]
[Result "1-0"]
[WhiteTitle "CM"]
[BlackTitle "CM"]
[WhiteElo "2204"]
[BlackElo "1882"]
[WhiteFideId "24570249"]
[BlackFideId "4200772"]
[EventDate "2025.06.03"]

1. e4 c5 2. d4 cxd4 3. c3 d3 4. Nf3 g6 5. Bxd3 Bg7 6. c4 Nc6 7. O-O d6 8. h3 Nf6
9. Qe2 O-O 10. Rd1 Nb4 11. Nc3 Nxd3 12. Rxd3 Be6 13. b3 Nd7 14. Bb2 Nc5 15. Rd2
Qa5 16. Nd5 Bxd5 17. exd5 Bxb2 18. Rxb2 Qc3 19. Re1 Rae8 20. Rc2 Qf6 21. b4 Nd7
22. c5 dxc5 23. bxc5 Rc8 24. Rec1 Rfe8 25. c6 bxc6 26. dxc6 Nb6 27. Ne5 Qe6 28.
Nf3 Rxc6 29. Qb5 Nc4 30. Rxc4 1-0

[Event "Titled Tue 3rd Jun Early"]
[Site "chess.com INT"]
[Date "2025.06.03"]
[Round "2"]
[White "Loskutova, Viktoriya"]
[Black "Kulnev, Aleksandr"]
[Result "1-0"]
[WhiteTitle "WFM"]
[BlackTitle "CM"]
[WhiteElo "2066"]
[BlackElo "2213"]
[WhiteFideId "34166278"]
[BlackFideId "54157544"]
[EventDate "2025.06.03"]

1. e4 c5 2. Nf3 d6 3. d4 cxd4 4. Nxd4 Nf6 5. Nc3 a6 6. Bg5 Nbd7 7. Be3 g6 8. f4
Bg7 9. Be2 O-O 10. O-O e5 11. Nb3 exf4 12. Bxf4 Ne5 13. Bxe5 dxe5 14. Qxd8 Rxd8
15. Rad1 Bg4 16. Bxg4 Nxg4 17. Nd5 Bh6 18. Rfe1 Ne3 19. Rxe3 Rxd5 20. exd5 Bxe3+
21. Kf1 b5 22. Na5 Rd8 23. Nc6 Rd6 24. Ke2 Bh6 25. Nxe5 Bg7 26. Nc6 Bxb2 27. Ke3
Kf8 28. Rd3 Ke8 29. c3 Ba3 30. Ke4 f5+ 31. Ke5 Kd7 32. c4 1-0

[Event "Titled Tue 3rd Jun Early"]
[Site "chess.com INT"]
[Date "2025.06.03"]
[Round "2"]
[White "Sanal, Vahap"]
[Black "Venkatesh, Narayan"]
[Result "1-0"]
[WhiteTitle "GM"]
[BlackTitle "FM"]
[WhiteElo "2555"]
[BlackElo "2168"]
[WhiteFideId "6300545"]
[BlackFideId "30987881"]
[EventDate "2025.06.03"]

1. e4 e6 2. d4 d5 3. e5 c5 4. c3 Nc6 5. Nf3 Bd7 6. Bd3 cxd4 7. cxd4 Qb6 8. Bc2
Nb4 9. O-O Nxc2 10. Qxc2 Ne7 11. Nc3 Nc6 12. Be3 Be7 13. Rac1 h6 14. Na4 Qc7 15.
Nc5 O-O 16. Qd2 b6 17. Nxd7 Qxd7 18. Bxh6 gxh6 19. Qxh6 f5 20. Qg6+ Kh8 21. Rc3
Bb4 22. Rb3 Qg7 23. Qxe6 Rg8 24. Ng5 Qxg5 25. Rh3+ Kg7 26. Rg3 Qxg3 27. hxg3
Nxd4 28. Qf6+ Kh7 29. Qh4+ Kg6 30. Qxd4 Bc5 31. Qxd5 Rad8 32. Qe6+ Kg5 33. Qf6+
Kg4 34. Qh4# 1-0

[Event "Titled Tue 3rd Jun Early"]
[Site "chess.com INT"]
[Date "2025.06.03"]
[Round "2"]
[White "Deac, Bogdan-Daniel"]
[Black "Smirnov, Mark"]
[Result "1-0"]
[WhiteTitle "GM"]
[BlackTitle "FM"]
[WhiteElo "2668"]
[BlackElo "2348"]
[WhiteFideId "1226380"]
[BlackFideId "13764594"]
[EventDate "2025.06.03"]

1. d4 Nf6 2. c4 e6 3. Nc3 Bb4 4. e3 b6 5. Ne2 Ne4 6. Qc2 Bb7 7. a3 Bxc3+ 8. Nxc3
Nxc3 9. Qxc3 Qh4 10. b3 d6 11. Bb2 Nd7 12. Qc2 Be4 13. Qd2 a5 14. O-O-O O-O 15.
f3 Bb7 16. e4 a4 17. b4 e5 18. Be2 exd4 19. Qxd4 Qg5+ 20. Kb1 f5 21. h4 Qe7 22.
exf5 Rxf5 23. Bd3 Rf7 24. Rhe1 Qf8 25. Qg4 Re8 26. Qh5 Nf6 27. Bxf6 gxf6 28.
Bxh7+ Kg7 29. Bg6 f5 30. Qh7+ Kf6 31. Bxf7 1-0

[Event "Titled Tue 3rd Jun Early"]
[Site "chess.com INT"]
[Date "2025.06.03"]
[Round "2"]
[White "Sobek, Jaroslav"]
[Black "Moeller, Maurin"]
[Result "0-1"]
[WhiteTitle "FM"]
[BlackTitle "FM"]
[WhiteElo "2195"]
[BlackElo "2291"]
[WhiteFideId "301388"]
[BlackFideId "16265696"]
[EventDate "2025.06.03"]

1. d4 g6 2. c4 Bg7 3. Nc3 d6 4. e4 Nc6 5. Be3 e5 6. Nge2 exd4 7. Nxd4 Nge7 8.
Be2 O-O 9. O-O f5 10. Nxc6 bxc6 11. Bd4 c5 12. Bxg7 Kxg7 13. Bf3 Rb8 14. b3 fxe4
15. Bxe4 Bf5 16. Qd3 Bxe4 17. Nxe4 Nf5 18. Rae1 Nd4 19. Ng3 Qh4 20. Re4 Qf6 21.
f3 a5 22. Rfe1 a4 23. Re7+ Kh8 24. bxa4 Rb2 25. Rxc7 Ne6 26. Rc6 Rxg2+ 27. Kh1
Rxh2+ 28. Kxh2 Qh4+ 29. Kg1 Qxg3+ 30. Kf1 Rxf3+ 0-1

[Event "Titled Tue 3rd Jun Early"]
[Site "chess.com INT"]
[Date "2025.06.03"]
[Round "2"]
[White "Berikkyzy Alanna"]
[Black "Hobaica, Juan Pablo"]
[Result "0-1"]
[WhiteTitle "WFM"]
[BlackTitle "IM"]
[WhiteElo "2104"]
[BlackElo "2412"]
[WhiteFideId "13780719"]
[BlackFideId "104159"]
[EventDate "2025.06.03"]

1. d4 Nf6 2. Bf4 e6 3. c3 b6 4. Nf3 Bb7 5. e3 Bd6 6. Bxd6 cxd6 7. Bd3 O-O 8.
Nbd2 d5 9. O-O Ne4 10. c4 f5 11. Qc2 Nc6 12. a3 Rc8 13. Rac1 Nxd2 14. Qxd2 Na5
15. Qe2 dxc4 16. Bxc4 Nxc4 17. Rxc4 Ba6 18. Rxc8 Qxc8 19. Qd2 Bxf1 20. Kxf1 Qc4+
21. Kg1 Rc8 22. Ne1 Qc1 23. Qe2 Rc2 24. Qf1 Rd2 25. f3 Rxb2 26. Nd3 Qxe3+ 27.
Nf2 Rc2 28. Kh1 Qxf2 0-1

[Event "Titled Tue 3rd Jun Early"]
[Site "chess.com INT"]
[Date "2025.06.03"]
[Round "2"]
[White "Goldin, Alexander"]
[Black "Sturt, Raven"]
[Result "0-1"]
[WhiteTitle "GM"]
[BlackTitle "GM"]
[WhiteElo "2541"]
[BlackElo "2459"]
[WhiteFideId "2019540"]
[BlackFideId "2007304"]
[EventDate "2025.06.03"]

1. d4 Nf6 2. c4 Nc6 3. Nf3 e6 4. Nc3 Bb4 5. Bd2 O-O 6. g3 d6 7. a3 Bxc3 8. Bxc3
Ne4 9. Qc2 Nxc3 10. Qxc3 Qe7 11. Bg2 e5 12. d5 Nd8 13. e4 f5 14. exf5 Bxf5 15.
O-O Bg4 16. Nd2 Nf7 17. Rae1 Qd7 18. Re3 Ng5 19. f3 Bh3 20. Bxh3 Qxh3 21. Ne4 h6
22. Nxg5 hxg5 23. Qc2 Rf6 24. Qg2 Qh5 25. Rf2 Raf8 26. h3 Qh7 27. Kh2 g4 28. f4
gxh3 29. Qxh3 Qxh3+ 30. Kxh3 exf4 31. Rxf4 Rxf4 32. gxf4 Rxf4 33. b3 Kf7 34. Kg3
Rf1 35. Kg2 Rb1 36. a4 a5 37. Kf3 Kf6 38. Ke4 g5 39. Rf3+ Kg6 40. Kd4 g4 41. Rf8
Rxb3 42. Rc8 g3 43. Rg8+ Kf5 44. Rg7 b6 45. Rxc7 Kf4 46. Rf7+ Kg4 47. Rg7+ Kf3
48. Rf7+ Ke2 49. Re7+ Kf2 50. Rf7+ Rf3 51. Rd7 g2 0-1

[Event "Titled Tue 3rd Jun Early"]
[Site "chess.com INT"]
[Date "2025.06.03"]
[Round "2"]
[White "Danzer, George"]
[Black "Nakonechnyi, Oleksii"]
[Result "0-1"]
[WhiteTitle "CM"]
[BlackTitle "CM"]
[WhiteElo "2172"]
[BlackElo "2224"]
[WhiteFideId "4659465"]
[BlackFideId "34173714"]
[EventDate "2025.06.03"]

1. e4 c5 2. Nf3 d6 3. d4 cxd4 4. Nxd4 Nf6 5. Nc3 a6 6. Bg5 e6 7. f4 Be7 8. Qf3
Qc7 9. O-O-O h6 10. Bh4 Nbd7 11. Bd3 b6 12. Rhe1 Bb7 13. Kb1 O-O-O 14. Qe2 Nc5
15. e5 dxe5 16. fxe5 Rxd4 17. exf6 gxf6 18. Bg3 Qc6 19. Bf2 Rd7 20. Bxc5 bxc5
21. Be4 Qc7 22. Bxb7+ Kxb7 23. Ne4 Rhd8 24. Rxd7 Rxd7 25. Qf3 Qc6 26. a3 f5 27.
Nf2 Qxf3 28. gxf3 Rd2 29. Rf1 Bh4 30. Nd3 Kc6 31. Ne5+ Kd5 32. Nxf7 Rxh2 33.
Nxh6 Bg5 34. Nf7 Bf4 35. Nd8 Rd2 36. Nb7 c4 37. b3 c3 38. Na5 Re2 39. Nc4 e5 40.
Rd1+ Bd2 41. Nxd2 Rxd2 42. Re1 Kd4 43. Kc1 Rf2 0-1